000 00273nam a22001097a 4500
082 _a621.384152 SAN'O
100 _aSANDS, LEO G
_941068
245 _a101 QUESTIONS AND ANSWERS ABOUT AM FM AND SSP
260 _aNEWYORK
_bHOWARD W. SAMS
_c1972
300 _a96P
942 _cBK
999 _c583412
_d583412